Niederländische Fußballer, die im Champions League Finale standen - Statistiken

Allgemein
  • Dieses Quiz wurde 250 mal gespielt
    117 seit der letzten Aktualisierung
  • Das Durchschnittsergebnis liegt bei 12 aus 30
Antwortstatistiken
# Saison Spieler % Korrekt
3 09/10 (N), 11/12 (N),12/13 (S) Arjen Robben
95%
3 17/18 (N), 18/19 (S), 21/22 (N) Virgil van Dijk
85%
1 09/10 (S) Wesley Sneijder
74%
5 94/95 (S), 95/96 (N),07/08 (S), 08/09 (N), 10/11 (N) Edwin van der Sar
66%
4 94/95 (S), 97/98 (S), 02/03 (S), 06/07 (S) Clarence Seedorf
63%
1 92/93 (N) Marco van Basten
63%
1 23/24 (N) Donyell Malen
59%
2 05/06 (S), 09/10 (N) Mark van Bommel
57%
1 22/23 (S) Nathan Ake
55%
2 94/95 (S), 95/96 (N) Frank de Boer
54%
2 94/95 (S), 95/96 (N) Ronald de Boer
54%
4 94/95 (S), 95/96 (N),97/98 (N), 02/03 (N) Edgar Davids
53%
1 94/95 (S) Frank Rijkaard
49%
2 17/18 (N), 18/19 (S) Georginio Wijnaldum
49%
2 94/95 (S), 95/96 (N) Patrick Kluivert
48%
2 22/23 (N), 24/25 (N) Denzel Dumfries
45%
1 93/94 (N) Ronald Koeman
45%
1 05/06 (S) Gio van Bronckhorst
40%
1 23/24 (N) Ian Maatsen
36%
2 98/99 (S), 04/05 (N) Jaap Stam
35%
1 94/95 (S) Marc Overmars
31%
2 94/95 (S), 95/96 (N) Danny Blind
23%
1 06/07 (N) Dirk Kuyt
21%
1 10/11 (S) Ibrahim Afellay
14%
1 06/07 (N) Boudewijn Zenden
11%
1 94/95 (S) Michael Reiziger
10%
1 95/96 (N) Winston Bogarde
3%
1 95/96 (N) Arnold Scholten
0%
1 95/96 (N) Nordin Wooter
0%
1 95/96 (N) Sonny Silooy
0%
Keine übereinstimmenden Quizze gefunden
Verteilung der Resultate
Anzahl Personen mit jedem Resultat
Perzentil nach korrekt beantworteten Fragen
Ihre Resultats-Entwicklung
Sie haben dieses Quiz seit der letzten Aktualisierung nicht gespielt